Política y sociedad en una época de transición: de la sociedad tradicional a la sociedad de masas
Gespeichert in:
| 1. Verfasser: | |
|---|---|
| Format: | Buch |
| Sprache: | Spanisch |
| Veröffentlicht: |
Buenos Aires
Paidós
1965
|
| Schriftenreihe: | Biblioteca de psicología Social y Sociología
|
| Schlagworte: | |
| Tags: |
Tag hinzufügen
Keine Tags, Fügen Sie den ersten Tag hinzu!
|
MARC
| LEADER | 00000nam a2200000 a 4500 | ||
|---|---|---|---|
| 001 | UCK4997 | ||
| 003 | CL-VaPUC | ||
| 008 | 050708e19650000AG |||||||||||||||||spa|d | ||
| 082 | 0 | 4 | |a 303.4 |b GER |2 21 |
| 100 | 0 | |a Germani, Gino |e author |9 335710 | |
| 245 | 1 | 0 | |a Política y sociedad en una época de transición: de la sociedad tradicional a la sociedad de masas |
| 300 | |a 266 p | ||
| 942 | |c BK | ||
| 945 | |d 20050708 00:00:00 |a cmena | ||
| 260 | |a Buenos Aires |b Paidós |c 1965 | ||
| 650 | 0 | |a Cambio social |9 256857 | |
| 650 | 0 | |a Sociedad de masas |9 268060 | |
| 650 | 7 | |a ESTRUCTURA SOCIAL |2 CL-VaPUC |9 493665 | |
| 650 | 0 | |a Acción social |9 307836 | |
| 650 | 0 | |a Integración social |9 319662 | |
| 651 | 0 | |a América Latina |9 255027 | |
| 583 | |a last modification |c 20050708 00:00:00 |k Rodrigo Vera | ||
| 490 | 0 | |a Biblioteca de psicología Social y Sociología | |
| 999 | |c 313696 |d 313694 | ||
| 952 | |0 0 |1 0 |4 0 |6 303_400000000000000_GER_1965 |7 0 |8 A |9 385182 |a BIBGIM |b BIBGIM |d 2019-11-22 |i 4144422 |o 303.4 GER 1965 |p 4144422 |r 2025-01-15 |w 2019-11-22 |y BK |k GIM | ||